Tradición / no tradición: el paradigma fundamental en la novela : "Ceremonia de casta" (Análisis estructural)
Guardado en:
| Autor principal: | |
|---|---|
| Formato: | Libro |
| Lenguaje: | Undetermined |
| Publicado: |
San José, Costa Rica
Escuela de Filología, Lingüística y Literatura,Universidad de Costa Rica
1978
|
| Materias: | |
| Etiquetas: |
Agregar Etiqueta
Sin Etiquetas, Sea el primero en etiquetar este registro!
|
MARC
| LEADER | 00000nam a2200000Ia 4500 | ||
|---|---|---|---|
| 008 | 170316s9999 xx 000 0 und d | ||
| 040 | |a cru BVZT | ||
| 090 | |a Tesis 123 | ||
| 100 | |a Araya Mora, Ana Cecilia y Del Vecchio Ugalde, Mª Elena | ||
| 245 | |a Tradición / no tradición: el paradigma fundamental en la novela : "Ceremonia de casta" (Análisis estructural) | ||
| 260 | |a San José, Costa Rica | ||
| 260 | |b Escuela de Filología, Lingüística y Literatura,Universidad de Costa Rica | ||
| 260 | |c 1978 | ||
| 300 | |a 194 páginas | ||
| 650 | |a LICENCIATURA EN FILOLOGÍA ESPAÑOLA | ||
| 650 | |a TRABAJO FINAL DE GRADUACIÓN | ||
| 942 | |c TFG |j SALA | ||
| 999 | |c 13726 |d 13726 | ||
